00345 a2200109 450000500170000002000180001708200160003510000200005124501000007126000350017130000290020620250612103008.0 a9870465079728 a370.194 DAV aDAVIDSON, C. N. aThe New Education: How to Revolutionize the University to Prepare Students for a World in Flux. aNew York,bBasic Books,c2022. axx, 326p.: bIndexc22cm